DEEP LEARNING WITH TENSORFLOW AND KERAS (Record no. 8889)

MARC details
000 -LEADER
fixed length control field 00508nam a22001817a 4500
005 - DATE AND TIME OF LATEST TRANSACTION
control field 20251010120915.0
008 - FIXED-LENGTH DATA ELEMENTS--GENERAL INFORMATION
fixed length control field 251008b |||||||| |||| 00| 0 eng d
020 ## - INTERNATIONAL STANDARD BOOK NUMBER
ISBN 978-1-80-323-291-1
041 ## - LANGUAGE CODE
Language code of text/sound track or separate title eng
082 ## - DEWEY DECIMAL CLASSIFICATION NUMBER
Classification number 006.33KAP-D
100 ## - MAIN ENTRY--AUTHOR NAME
Personal name KAPOOR , AMITA AND GULLI, ANTONIO & PAL, SUJIT
245 ## - TITLE STATEMENT
Title DEEP LEARNING WITH TENSORFLOW AND KERAS
250 ## - EDITION STATEMENT
Edition statement 3RD ED. 2022
260 ## - PUBLICATION, DISTRIBUTION, ETC. (IMPRINT)
Place of publication U.K
Name of publisher PACKT PUBLISHING
Year of publication 2017
300 ## - PHYSICAL DESCRIPTION
Number of Pages 667;P
650 ## - SUBJECT ADDED ENTRY--TOPICAL TERM
Topical Term COMPUTER SCIENCE TECHNOLOGY
942 ## - ADDED ENTRY ELEMENTS (KOHA)
Koha item type Books
Holdings
Lost status Damaged status Collection code Home library Current library Date acquired Source of acquisition Cost, normal purchase price Full call number Accession Number Koha item type Shelving location
    CS/IT JRU Library JRU Library 08/10/2025 PURCHASE 3724.00 006.33 28949 Books  
    CS/IT JRU Library JRU Library 08/10/2025 PURCHASE 3724.00 006.33 28950 Books  
    CS/IT JRU Library JRU Library 08/10/2025 PURCHASE 3724.00 006.33 28951 Books SHELF-53-D
    CS/IT JRU Library JRU Library 08/10/2025 PURCHASE 3724.00 006.33 28952 Books  
    CS/IT JRU Library JRU Library 08/10/2025 PURCHASE 3724.00 006.33 28953 Books SHELF-53-D